Cinta yang terlewat

Bibliographic Details
Main Author: Zuriana Mustaffa
Format: Book
Published: Selangor : Dasar Cetak Sdn. Bhd , 2012
Subjects:

MARC

LEADER 00000cam a2200000 7i4500
001 0000004064
005 20160118.0
020 0 0 |a 9789670342146 
090 0 0 |a 899.2333   |b ZURI 
100 0 0 |a Zuriana Mustaffa 
245 1 0 |a Cinta yang terlewat   |c Zuriani Mustaffa 
260 0 0 |a Selangor :   |b Dasar Cetak Sdn. Bhd ,   |c 2012 
300 |a 460 p. ;   |c 19cm. 
650 0 0 |a Malay fiction 
998 |a JPSM 
999 |a 007888   |b Monograph   |c Open Shelf   |e Default branch